| 000 | 01176aam a2200373 a 4500 | ||
|---|---|---|---|
| 001 | 001329733 | ||
| 003 | AR-BeUNQ | ||
| 005 | 20230905171137.0 | ||
| 007 | ta | ||
| 008 | 230905s2010 ag a gr 001 0 spa | ||
| 015 | _aAR-2010 | ||
| 020 | _a9789500518949 | ||
| 040 |
_aAR-BaBN _bspa _cAR-BaBN _eaacr |
||
| 043 | _an-mx--- | ||
| 044 |
_aag _car-c |
||
| 082 |
_a972.02 _221 |
||
| 100 | 1 |
_aCortés, Hernán, _d1485-1547 _eaut. _4auth |
|
| 245 | 1 | 0 |
_aSegunda carta de relación y otros textos / _cHernán Cortés ; edición, prólogo y notas de Valeria Añón. |
| 260 |
_aBuenos Aires : _bCorregidor, _c2010. |
||
| 300 |
_a345 p. : _bil. ; _c20 cm. |
||
| 490 | 1 |
_aLa inteligencia americana _v2 |
|
| 500 | _aIncluye referencias. | ||
| 504 | _aBibliografía: p. 81-88. | ||
| 600 | 1 | 4 |
_aCortés, Hernán, _d1485-1547 |
| 650 | 7 |
_aCrónicas _2tell |
|
| 650 | 7 |
_aHistoria _2spines |
|
| 651 | 7 |
_aMéxico _2spines |
|
| 653 | _aColonización | ||
| 653 | _aConquista de México | ||
| 700 | 1 |
_aAñón, Valeria _eed. _epról. |
|
| 830 | 3 |
_aLa inteligencia americana _v2 |
|
| 929 |
_aDONACION _bMinisterio de Educación _d500,00 _e20190611 _fPAT0080481 _h1 _j60664 |
||
| 942 |
_2ddc _cLIB |
||
| 999 |
_c863 _d863 |
||